| 000 | 005130000a22001930004500 | ||
|---|---|---|---|
| 001 | 004646 | ||
| 003 | MACL | ||
| 005 | 20150726145225.0 | ||
| 008 | 150726b xxu||||| |||| 00| 0 eng d | ||
| 040 |
_aMACL _cMACL |
||
| 041 | _aEnglish | ||
| 082 | _a330.54/CHA | ||
| 100 |
_aChandrashekhar, C.P. _92617 |
||
| 245 |
_aIndia's Socio-Economics Database _bSurveys Of Selected Areas _cC.P. Chandrashekhar |
||
| 260 |
_aNew Delhi _c2001 _bTulika, |
||
| 350 | _a750 | ||
| 650 |
_aEconomics _92618 |
||
| 942 |
_k331 _cBK _2ddc |
||
| 999 |
_c16533 _d16533 |
||